000 01402nam a2200349 i 4500
001 000035235
003 DO-SdBNP
005 20241031110014.0
008 111026s1967 sp c r 000 0 spa d
040 _aDO-SdBNP
_bspa
_cBNPHU
_eautor
082 _a970.5
_bH241L, 1967
_222
100 1 _aHanke, Lewis
_960991
_eautor
240 1 0 _aThe spanish struggle for justice in the conquest of América
_lEspañol
245 1 3 _aLa lucha española por la justicia en la conquista de América /
_cLewis Hanke ; traducción del inglés por Luis Rodríguez Aranda.
250 _a2a ed.
264 _aMadrid :
_bAguilar,
_c1967.
300 _a335 páginas :
_bretratos. ;
_c21 cm.
336 _ardacontent
_btexto
_2txt
337 _ardamedia
_bsin mediación
_2n
338 _ardacarrier
_bvolumen
_2nc
490 1 _aLiteraria, novelistas, dramaturgos, ensayistas, poetas
500 _aTraducido del inglés
590 _aPerteneció a la biblioteca personal de Juan Isidro Jimenes Grullón.
590 _aInventariado, 2024/DG
650 4 _aTrato a los indígenas
_zAmérica Latina
_918560
651 4 _aEspaña
_xColonias
_zAmérica
_958954
651 4 _aAmérica Latina
_xHistoria
_yHASTA 1830
_960992
700 1 2 _aRodríguez Aranda, Luis,
_etraductor
_960993
830 0 _aLiteraria, novelistas, dramaturgos, ensayistas, poetas
_928277
910 _aValidado. Control de calidad. MFF
942 _2ddc
_cLBS1
999 _c34726
_d34726